Detalles MARC
| 000 -LEADER |
| campo de control de longitud fija |
01665aam a2200445 i 4500 |
| 001 - NÚMERO DE CONTROL |
| campo de control |
MOR01000007122 |
| 005 - FECHA Y HORA DE LA ÚLTIMA TRANSACCIÓN |
| campo de control |
20260331054054.0 |
| 007 - CAMPO FIJO DE DESCRIPCIÓN FÍSICA--INFORMACIÓN GENERAL |
| campo de control de longitud fija |
ta |
| 008 - DATOS DE LONGITUD FIJA--INFORMACIÓN GENERAL |
| campo de control de longitud fija |
871802s1958 txuc g bi 001 0 eng d |
| 035 ## - NÚMERO DE CONTROL DEL SISTEMA |
| Número de control de sistema |
871539 |
| 040 ## - FUENTE DE CATALOGACIÓN |
| Centro catalogador/agencia de origen |
mxcmmo |
| Lengua de catalogación |
spa |
| Normas de descripción |
rda |
| Centro/agencia transcriptor |
mxcmmo |
| 041 0# - CÓDIGO DE IDIOMA |
| Código de lengua del texto/banda sonora o título independiente |
eng |
| 043 ## - CÓDIGO DE ÁREA GEOGRÁFICA |
| Código de área geográfica |
n-mx--- |
| 082 04 - NÚMERO DE LA CLASIFICACIÓN DECIMAL DEWEY |
| Número de clasificación |
972 |
| Número de ítem |
ESS.i |
| 245 00 - MENCIÓN DEL TÍTULO |
| Título |
Essays in Mexican history/ |
| Mención de responsabilidad, etc. |
ed. Thomas E. Cotner, Carlos E. Castaneda |
| 264 #1 - PRODUCCIÓN, PUBLICACIÓN, DISTRIBUCIÓN, FABRICACIÓN Y COPYRIGHT |
| Producción, publicación, distribución, fabricación y copyright |
Austin, Texas : |
| Nombre del de productor, editor, distribuidor, fabricante |
University of Texas, Institute of Latin American Studies, |
| Fecha de producción, publicación, distribución, fabricación o copyright |
1958. |
| 300 ## - DESCRIPCIÓN FÍSICA |
| Extensión |
309 páginas: |
| Otras características físicas |
retratos; |
| Dimensiones |
23 cm |
| 336 ## - TIPO DE CONTENIDO |
| Término de tipo de contenido |
texto |
| Código de tipo de contenido |
txt |
| Fuente |
rdacontent |
| 337 ## - TIPO DE MEDIO |
| Nombre/término del tipo de medio |
sin medio |
| Código del tipo de medio |
n |
| Fuente |
rdamedia |
| 338 ## - TIPO DE SOPORTE |
| Nombre/término del tipo de soporte |
volumen |
| Código del tipo de soporte |
nc |
| Fuente |
rdacarrier |
| 490 #4 - MENCIÓN DE SERIE |
| Mención de serie |
The Charles Wilson Hacket memorial volume |
| 500 ## - NOTA GENERAL |
| Nota general |
Incluye bibliografías e índice |
| 651 #7 - PUNTO DE ACCESO ADICIONAL DE MATERIA--NOMBRE GEOGRÁFICO |
| Nombre geográfico |
México |
| Subdivisión general |
Historia |
| -- |
Alocuciones, ensayos, conferencias |
| 9 (RLIN) |
800 |
| 651 #7 - PUNTO DE ACCESO ADICIONAL DE MATERIA--NOMBRE GEOGRÁFICO |
| Nombre geográfico |
México |
| Subdivisión general |
Política y gobierno |
| -- |
Alocuciones, ensayos, conferencias |
| 9 (RLIN) |
1889 |
| 700 1# - ENTRADA AGREGADA--NOMBRE PERSONAL |
| Nombre de persona |
Castañeda, Carlos Eduardo |
| Fechas asociadas al nombre |
1896-1958 |
| Término indicativo de función/relación |
editor |
| 9 (RLIN) |
6419 |
| 700 1# - ENTRADA AGREGADA--NOMBRE PERSONAL |
| Nombre de persona |
Cotner, Thomas Ewing |
| Fechas asociadas al nombre |
1916- |
| Término indicativo de función/relación |
editor |
| 9 (RLIN) |
16248 |
| 700 1# - ENTRADA AGREGADA--NOMBRE PERSONAL |
| Nombre de persona |
Hackett, Charles Wilson |
| 9 (RLIN) |
16249 |
| 710 2# - ENTRADA AGREGADA--NOMBRE DE ENTIDAD CORPORATIVA |
| Nombre de entidad corporativa o nombre de jurisdicción como elemento de entrada |
University of Texas |
| Unidad subordinada |
Institute of Latin American Studies |
| 9 (RLIN) |
13284 |
| 900 ## - ELEMENTOS DE DATOS A LOCAL, LDA (RLIN) |
| Nombre de persona |
ACT |
| Numeración |
Verónica Silva |
| Títulos y otros términos asociados al nombre |
20070312 |
| Lenguaje de la obra |
MOR01 |
| -- |
1413 |
| 900 ## - ELEMENTOS DE DATOS A LOCAL, LDA (RLIN) |
| Nombre de persona |
ALEPH14 |
| Numeración |
10 |
| Títulos y otros términos asociados al nombre |
20061103 |
| Lenguaje de la obra |
MOR01 |
| -- |
1040 |
| 900 ## - ELEMENTOS DE DATOS A LOCAL, LDA (RLIN) |
| Nombre de persona |
BATCH-UPD |
| Numeración |
00 |
| Títulos y otros términos asociados al nombre |
20120323 |
| Lenguaje de la obra |
MOR01 |
| -- |
1729 |
| 900 ## - ELEMENTOS DE DATOS A LOCAL, LDA (RLIN) |
| Nombre de persona |
BATCH-UPD |
| Numeración |
40 |
| Títulos y otros términos asociados al nombre |
20120321 |
| Lenguaje de la obra |
MOR01 |
| -- |
1643 |
| 900 ## - ELEMENTOS DE DATOS A LOCAL, LDA (RLIN) |
| Nombre de persona |
BATCH |
| Numeración |
00 |
| Títulos y otros términos asociados al nombre |
20120322 |
| Lenguaje de la obra |
MOR01 |
| -- |
1708 |
| 900 ## - ELEMENTOS DE DATOS A LOCAL, LDA (RLIN) |
| Nombre de persona |
DYNIX |
| Numeración |
00 |
| Títulos y otros términos asociados al nombre |
20030304 |
| Lenguaje de la obra |
MOR01 |
| -- |
1715 |
| 900 ## - ELEMENTOS DE DATOS A LOCAL, LDA (RLIN) |
| Nombre de persona |
MARC21 |
| Numeración |
40 |
| Títulos y otros términos asociados al nombre |
20130814 |
| Lenguaje de la obra |
MOR01 |
| -- |
1419 |
| 900 ## - ELEMENTOS DE DATOS A LOCAL, LDA (RLIN) |
| Nombre de persona |
MARC21 |
| Numeración |
40 |
| Títulos y otros términos asociados al nombre |
20140130 |
| Lenguaje de la obra |
MOR01 |
| -- |
1104 |
| 904 ## - ELEMENTOS DE DATOS D LOCAL, LDD (RLIN) |
| a |
UPDATE |
| 942 ## - ELEMENTOS DE ENTRADA SECUNDARIOS (KOHA) |
| Código de la institución [OBSOLETO] |
BK |
| 901 ## - ELEMENTOS DE DATOS A LOCAL LDA (RLIN) |
| a |
batch batch |